000 00687nam a22002537a 4500
003 UA-OsUOA
001 24667
007 ta
008 20040226b un ||||| |||| 00| 0 ukr d
100 _aГегель Г. В.
090 _a130.3
_bГ27
942 _cBK
040 _aUA-OsUOA
_bukr
_cUA-OsUOA
_dUA-OsUOA
245 _aОснови філософії права, або Природне право і державознавство
300 _a336 с.
955 _a1
041 _aukr
080 _a130.3
020 _a966-7305-33-3
260 _aКиїв
_bЮніверс
_c2000
044 _aUA
650 7 _a1 Філософські науки
_2UDC
999 _c310947
_d310947